|
|
|
|
| LEADER |
00000nas a2200000 i 4500 |
| 001 |
ssj0001219431 |
| 003 |
WaSeSS |
| 005 |
20200512172242.0 |
| 006 |
m d |
| 007 |
cr n |
| 008 |
130214c20129999nz ar s 0 0eng c |
| 010 |
|
|
|a 2015243446
|
| 016 |
7 |
|
|a 101656778
|2 DNLM
|
| 022 |
|
|
|a 2230-5254
|l 2230-5254
|
| 035 |
|
|
|a (WaSeSS)ssj0001219431
|
| 040 |
|
|
|a CNCGM
|b eng
|e pn
|c CNCGM
|d NZ1
|d OCLCF
|d S4S
|d OCLCO
|d CUS
|d CUI
|d NLM
|d OCLCO
|d LND
|d EUW
|d OCLCO
|d OCLCQ
|d GUA
|d WT2
|d OCLCO
|d OCLCQ
|d OCLCA
|d CASUM
|d OCLCQ
|d AU@
|d OCLCQ
|d WaSeSS
|
| 042 |
|
|
|a pcc
|
| 050 |
|
4 |
|a RS122.5
|b .I58
|
| 060 |
0 |
0 |
|a W1
|
| 082 |
0 |
4 |
|a 615.1
|2 23
|
| 210 |
0 |
|
|a Integr. pharm. res. pract
|
| 210 |
1 |
0 |
|a Integr Pharm Res Pract
|2 dnlm
|
| 222 |
|
0 |
|a Integrated pharmacy research and practice (Online)
|
| 245 |
0 |
0 |
|a Integrated pharmacy research & practice
|h [electronic resource].
|
| 246 |
1 |
|
|a Integrated pharmacy research and practice
|
| 246 |
1 |
|
|i Title in HTML header:
|a Journal of integrated pharmacy research and practice
|
| 260 |
|
|
|a [Auckland, N.Z.] :
|b Dove Medical Press Ltd,
|c [2012]-
|
| 310 |
|
|
|a Annual
|
| 362 |
1 |
|
|a Began with Volume 1 (2012).
|
| 506 |
|
|
|a License restrictions may limit access.
|
| 515 |
|
|
|a Articles added as received to annual volume.
|
| 515 |
|
|
|a Numbering from articles page.
|
| 588 |
0 |
|
|a Volume 1 (2012); title from PDF caption (publisher's Web site, viewed Nov. 5, 2015).
|
| 588 |
1 |
|
|a Volume 5 (2016) (viewed December 15, 2015).
|
| 650 |
|
0 |
|a Pharmacy
|x Practice
|v Periodicals.
|
| 650 |
1 |
2 |
|a Technology, Pharmaceutical.
|
| 650 |
2 |
2 |
|a Pharmacists.
|
| 650 |
2 |
2 |
|a Pharmaceutical Services.
|
| 650 |
|
7 |
|a Pharmacy
|x Practice.
|2 fast
|0 (OCoLC)fst01060311
|
| 655 |
|
0 |
|a Electronic journals.
|
| 856 |
4 |
0 |
|z Full text available from Research Library: 01/01/2012 to present
|u https://search.proquest.com/publication/3933154
|